U.S. Casual Dining Restaurants - Statistics

General Stats
  • This quiz has been taken 18 times
  • The average score is 9 of 25
Answer Stats
Hint Answer % Correct
Never Ending Pasta Bowl Olive Garden
92%
Grand Slam Denny's
85%
Thick 'N Fluffy French Toast IHOP
77%
Bloomin' Onion Outback
77%
Cheddar Bay Biscuits Red Lobster
77%
Triple Dipper Chili's
62%
Triple Chocolate Meltdown Applebee's
46%
Pizzookie BJ's Restaurant Brewhouse
46%
Asian Zing Sauce Buffalo Wild Wings
46%
Rattlesnake Bites Texas Roadhouse
46%
Famous Factory Meatloaf Cheesecake Factory
38%
Whiskey River BBQ Burger Red Robin
38%
Momma's Pancake Breakfast Cracker Barrell
31%
Red Rock Grilled Shrimp LongHorn Steakhouse
31%
Longlife Noodles and Prawns P.F. Changs
31%
Conch Fritters Bahama Breeze
15%
California Club Pizza California Pizza Kitchen
15%
Honey Butter Croissants Cheddar's Scratch Kitchen
15%
Bourbon Street Chicken Golden Corral
15%
Kickin' Chickin' Salad Logan's Roadhouse
15%
Bang Bang Shrimp Bonefish Grill
8%
Chicken Bryan Carrabba's Italian Grill
8%
Famous Steak Burrito Chuy's
8%
Mountain O' Nachos Dave and Buster's
8%
Sizzling Crab Cakes Ruth's Chris Steak House
8%
No matching quizzes found
Score Distribution
Percent of People with Each Score
Percentile by Number Answered
Your Score History
You have not taken this quiz